000 01093nam a22002657a 4500
008 130821s1998 xxu gr eng
020 _a0822321726
040 _aCo-BoUCM
_bspa
041 0 0 _aeng
100 1 _aHuggins, Martha Knisely
_d1944-
_9171511
245 1 0 _aPolitical policing the United States and Latin America
_cMartha K. Huggins.
260 _aDurham (Carolina del Norte, Estados Unidos)
_bDuke University Press
_c1998
300 _axxi, 247 páginas
504 _aIncluye bibliografía (p. [213]-235) e índice
650 0 4 _aCiencia militar
_910776
650 0 4 _aCiencia política
_9340
650 0 4 _aPolicía internacional
_921885
650 0 4 _aPolicía
_zAmérica Latina
_xCooperación internacional
_921884
650 0 4 _aRelaciones internacionales
_98042
650 0 4 _aSeguridad internacional
_zAmérica Latina
_924104
651 7 _aAmérica Latina
_bRelaciones internacionales
_zEstados Unidos
_926570
651 7 _aEstados Unidos
_bRelaciones internacionales
_zAmérica Latina
_97595
942 _cLIBRO
_a6
_e1
_mH891P
_2DEWEY
_h363.2
999 _c90625
_d90625